| 000 | 00844nam a22001935i 4500 | ||
|---|---|---|---|
| 001 | 156765 | ||
| 003 | ES-MaACL | ||
| 005 | 20251014063226.0 | ||
| 008 | 940202s1834 sp |||| | spa d | ||
| 100 | 1 |
_aLaborde, Alexandre de, _d1774-1842 _969247 |
|
| 245 | 1 | 0 |
_aDel espiritu de asociación aplicado a cuanto puede interesar al procomunal de una nación y al fomento de la riqueza pública y privada / _cescrita en francés por el conde Alejandro de Laborde ; traducida al castellano por el marqués de Sanfelices. |
| 260 |
_aValladolid : _b[s.n.], _c1834 ( _fImp. de Aparicio) |
||
| 300 |
_aXII, 403 p. ; _c22 cm. |
||
| 650 | 4 |
_aDesarrollo económico. _9153584 |
|
| 650 | 4 |
_aPolítica- _xFilosofía _916274 |
|
| 700 | 1 |
_aSanfelices, _cMarqués de. _9103128 |
|
| 852 |
_aES-MaACL _jG-10196 _z- Enc. hol. |
||
| 999 |
_c156765 _d156765 |
||